000 00513nam a2200193 a 4500
001 1758436810650
003 YourLibrary
005 20250921121126.0
008 250921s2009##################000#0#eng##
020 _a9780854041343
082 0 4 _a572.88
_bBUE
100 1 _aBuc, Henri C.,
_eauthor.
245 1 0 _aRNA Polymerases as Molecular Motors :
260 _bRoyal Society of Chemistry,
_c2009.
300 _a353 pages
650 0 _aScience.
942 _cENGLISH
040 _aYourLibrary
_beng
_cYourLibrary
999 _c588494
_d588494